Les meilleurs buteurs de l'histoire du FC Sochaux-Montbéliard - Statistiques

Statistiques générales
  • Ce quiz a été pris 47 fois
  • Le résultat moyen est 3 sur 10
Statistiques - réponses
Buts Nationalité Joueur % Correct
78 France Pierre-Alain Frau
90%
68 Brésil / Tunisie Santos
60%
60 France Stéphane Paille
33%
60 France Yannick Stopyra
31%
70 France Bernard Genghini
26%
73 France Gérard Soler
12%
136 France René Gardien
12%
65 Argentine Alberto Muro
7%
73 France Robert Pintenat
7%
64 France Guy Lassalette
0%
Aucun quiz correspondant
Distribution des résultats
% des personnes avec chaque résultat
Percentile par nombre de réponses
Votre historique - résultats
Vous n’avez pas pris ce quiz